Call of the Wild (Record no. 8784)
[ view plain ]
| 000 -LEADER | |
|---|---|
| fixed length control field | 01078nam a22002177a 4500 |
| 003 - CONTROL NUMBER IDENTIFIER | |
| control field | OSt |
| 005 - DATE AND TIME OF LATEST TRANSACTION | |
| control field | 20260310001803.0 |
| 008 - FIXED-LENGTH DATA ELEMENTS--GENERAL INFORMATION | |
| fixed length control field | 260309b |||||||| |||| 00| 0 eng d |
| 020 ## - INTERNATIONAL STANDARD BOOK NUMBER | |
| International Standard Book Number | 9781402712746 |
| 040 ## - CATALOGING SOURCE | |
| Original cataloging agency | DWCL GS lib |
| Transcribing agency | OC |
| 082 ## - DEWEY DECIMAL CLASSIFICATION NUMBER | |
| Classification number | Fic. H678 2005 |
| 100 ## - MAIN ENTRY--PERSONAL NAME | |
| Personal name | Corvino Lucy |
| 245 ## - TITLE STATEMENT | |
| Title | Call of the Wild |
| Statement of responsibility, etc. | Lucy Corvino |
| 260 ## - PUBLICATION, DISTRIBUTION, ETC. | |
| Place of publication, distribution, etc. | New York |
| Name of publisher, distributor, etc. | Sterling Publishing Co., Inc. |
| Date of publication, distribution, etc. | 2005 |
| 300 ## - PHYSICAL DESCRIPTION | |
| Extent | Extent- vii,152 pages: |
| Other physical details | illustrations ; |
| Dimensions | 23cm |
| 504 ## - BIBLIOGRAPHY, ETC. NOTE | |
| Bibliography, etc. note | an adventure novel following Buck, a pampered dog kidnapped from California and sold as a sled dog during the Klondike Gold Rush. |
| 650 ## - SUBJECT ADDED ENTRY--TOPICAL TERM | |
| Topical term or geographic name entry element | The Call of the Wild by Jack London presents a philosophy of life rooted in naturalism, survival, and adaptation, emphasizing that success comes to those who can shed civilized constraints and embrace their innate, primal instincts. |
| 650 ## - SUBJECT ADDED ENTRY--TOPICAL TERM | |
| Source of heading or term | Jack London’s The Call of the Wild acts as a profound allegory for moral education, tracing the journey of Buck from a pampered pet to a primal, wild creature. |
| 700 ## - ADDED ENTRY--PERSONAL NAME | |
| Personal name | Lucy |
| 942 ## - ADDED ENTRY ELEMENTS (KOHA) | |
| Source of classification or shelving scheme | Dewey Decimal Classification |
| Koha item type | Fiction |
| Classification part | Fic. |
| Suppress in OPAC | No |
No items available.